000 00397 a2200169 4500
001 74639
020 _a978857542698-2
040 _cAnchieta - Colégio São Paulo
100 _aKrugeer, C Baxter
240 1 0 _aDe volta à cabana
_lpor
245 1 0 _aDe volta à cabana
300 _a235
362 0 _a2011
440 1 _aObjetiva
650 4 _aFicção norte-americana em inglês
942 _cBK
999 _c74639
_d74639